00655nam a2200181 a 450000100060000000300090000600800410001502000150005604000280007108200140009910000230011324500240013625000070016026000370016730000140020450502330021865000220045115308CO-ViMGA141112s2004 ck r 000 u spa d a9684268548 aCO-ViMGAbspacCO-ViMGA04a612 G156f1 aGanong, William F.10aFisiología Medica a17 aMexico, cManual Moderno, c2000 a906.p.il. aFisiología de las celulas nerviosas y musculares Funciones del sistema nervioso Endocrinología, metabolismo y función reproductora Función gastroinestinal Circulación Respiración Formación y excreción de la orina14aFISIOLOGIA HUMANA